'R' Sorting Gallery Quiz Stats

 Plays Quiz Updated Oct 10, 2019

Score 0/55 Timer 04:00
7 Plays Today
% Correct
Rangers
98.2%
Raiders
98%
Redskins
97.8%
Raptors
97.5%
Rockets
97.4%
Ravens
97.3%
Rams
97%
Reds
96.5%
Royals
96.5%
Rhodium
95.8%
Radium
95.6%
Rockies
95%
Rhenium
94.1%
Ruthenium
93.5%
Rupee
93.3%
Rubidium
92.3%
Rutherfordium
92.2%
Rome
92.2%
Ruble
90.8%
Russia
90.7%
Reykjavík
90.4%
Ravioli
89.8%
Roentgenium
89.7%
Rigatoni
89.2%
Romania
89.1%
Rwanda
89.1%
Ratatouille
88.2%
Radon
87.8%
% Correct
Romulus
85.1%
Rouge
83.2%
Rial
82.7%
Rojo
82.2%
Remus
81.3%
Rand
79.7%
Riyadh
79.6%
Riel
79.6%
Riga
78.6%
Riyal
76.2%
Raichu
76.1%
Rabat
73.7%
Roșu
73.7%
Rosso
73%
Rotelle
70.9%
Rapidash
69.6%
Ramallah
69.1%
Rhyhorn
68.2%
Real
68.2%
Rattata
63.6%
Rot
63.3%
Rhydon
62.6%
Raticate
52.6%
Ringgit
49.7%
Roseau
45.3%
Rufiyaa
40.5%
Radiatore
39.2%

You're not logged in!

Compare scores with friends on all Sporcle quizzes.
OR
Log In

Sporcle TV

Today on Sporcle TV


Watch our educational content, quiz creation guides, and fun videos on Sporcle TV.

Show Comments

Extras

Top Quizzes Today


Score Distribution

Your Account Isn't Verified!

In order to create a playlist on Sporcle, you need to verify the email address you used during registration. Go to your Sporcle Settings to finish the process.

Report this User

Report this user for behavior that violates our Community Guidelines.

Details: